书目信息 |
| 题名: |
我的第一堂花艺课
|
|
| 作者: | ;满新茹 译 ;花时间编辑部 编著 | |
| 分册: | 花束包装与制作篇 | |
| 出版信息: | 北京 中国水利水电出版社 2020 |
|
| 页数: | 119页 | |
| 开本: | 26cm | |
| 丛书名: | ||
| 单 册: | ||
| 中图分类: | J535.12(313) , J535.12 | |
| 科图分类: | ||
| 主题词: | 花卉装饰--装饰美术--日本 | |
| 电子资源: | ||
| ISBN: | 978-7-5170-8407-5 | |
| 000 | 00967nam0 2200253 450 | |
| 001 | 2338649775 | |
| 005 | 20231119112820.52 | |
| 010 | @a978-7-5170-8407-5@dCNY49.90 | |
| 100 | @a20200622d2020 em y0chiy50 ea | |
| 101 | 1 | @achi@cjpn |
| 102 | @aCN@b110000 | |
| 105 | @aa z 000yy | |
| 200 | 1 | @a我的第一堂花艺课@9wo de di yi tang hua yi ke@i花束包装与制作篇@f(日)《花时间》编辑部编著@g满新茹译 |
| 210 | @a北京@c中国水利水电出版社@d2020 | |
| 215 | @a119页@c彩图,彩照@d26cm | |
| 300 | @a花时间 | |
| 330 | @a本书介绍了多种花束包装方法,配以图文说明,内容包括:在纸张上多下点功夫,包装,如此充满乐趣;花束包装的基本常识、纸张和丝带的使用方法练习;漂亮的包装取决于你的创意,适于送人的3种包装风格等。 | |
| 606 | 0 | @a花卉装饰@x装饰美术@y日本 |
| 690 | @aJ535.12(313)@v5 | |
| 690 | @aJ535.12@v4 | |
| 702 | 0 | @a满新茹@9man xin ru@4译 |
| 711 | 02 | @c(日)@a花时间编辑部@9hua shi jian bian ji bu@4编著 |
| 801 | 0 | @aCN@b山东中教@c20200622 |
| 905 | @aBZT@dJ535.12@e9:1 | |
| 我的第一堂花艺课.花束包装与制作篇/(日)《花时间》编辑部编著/满新茹译.-北京:中国水利水电出版社,2020 |
| 119页:彩图,彩照;26cm |
| 花时间 |
| ISBN 978-7-5170-8407-5:CNY49.90 |
| 本书介绍了多种花束包装方法,配以图文说明,内容包括:在纸张上多下点功夫,包装,如此充满乐趣;花束包装的基本常识、纸张和丝带的使用方法练习;漂亮的包装取决于你的创意,适于送人的3种包装风格等。 |
| ● |
| 相关链接 |
|
|
|
正题名:我的第一堂花艺课
索取号:J535.12/9:1
 
预约/预借
| 序号 | 登录号 | 条形码 | 馆藏地/架位号 | 状态 | 备注 |
| 1 | 2000983257 | 2000983257 | 中教第一批/山东中教(第一批)/399/ [索取号:J535.12/9:1] | 在馆 | |
| 2 | 2000983258 | 2000983258 | 中教第一批/山东中教(第一批)/399/ [索取号:J535.12/9:1] | 在馆 | |
| 3 | 2000983259 | 2000983259 | 中教第一批/山东中教(第一批)/399/ [索取号:J535.12/9:1] | 在馆 | |
| 4 | 2000983260 | 2000983260 | 中教第一批/山东中教(第一批)/399/ [索取号:J535.12/9:1] | 在馆 | |
| 5 | 2000983261 | 2000983261 | 中教第一批/山东中教(第一批)/399/ [索取号:J535.12/9:1] | 在馆 | |
| 6 | 2000983262 | 2000983262 | 中教第一批/山东中教(第一批)/399/ [索取号:J535.12/9:1] | 在馆 |